Statistiken für Erfolgreichste Filme der 80er

Klicken Sie hier um das Quiz zu spielen!

Allgemein

  • Dieses Quiz wurde 92 mal gespielt
  • Das Durchschnittsergebnis liegt bei 8 aus 20

Antwortstatistiken

ZuschauerBeschreibungFilm% Korrekt
7.552.582Freundlicher Außerirdische will auf seinen Heimatplaneten zurückkehrenE.T. - Der Außerirdische
96%
8.700.248Teenagerin verliebt sich in ihren TanzlehrerDirty Dancing
89%
8.783.766Ostfriese versucht sein Glück in der großen StadtOtto – Der Film
81%
6.458.957Ostfriese versucht seinen Schwarm zu gewinnen, während er für seinen Vermieter Drecksarbeit erledigtOtto – Der neue Film
81%
4.988.980Ein Teenager reist in die 1950er, um seinen Eltern dabei zu helfen, sich ineinander zu verliebenZurück in die Zukunft
73%
5.187.443Eine Gruppe Chaoten wird zu Polizisten ausgebildetPolice Academy
67%
4.820.641Agent versucht, einen Supercomputer in Griechenland zu bergenIn tödlicher Mission
51%
4.324.692Agent verhindert den Abwurf einer Atombombe auf DeutschlandOctopussy
51%
5.758.937Australischer Buschmann wirbt um eine kultivierte junge Frau aus den USACrocodile Dundee
48%
6.007.188Ein selbstverliebter junger Mann findet wieder Kontakt zu seinem autistischen BruderRain Man
46%
4.822.676Junge rettet die Welt eines Buches vor dem UntergangDie unendliche Geschichte
41%
5.866.646Zwei Franziskanermönche untersuchen eine Mordserie in einer AbteiDer Name der Rose
32%
4.363.789Die Freundschaft zwischen einem Fuchs und einem Hund wird nach Jahren auf die Probe gestelltCap und Capper
29%
4.300.769Zeichentrickfiguren leben in der realen Welt und einem von ihnen wird Mord vorgeworfenFalsches Spiel mit Roger Rabbit
16%
4.477.273Dänische Autorin erinnert sich an ihr bewegtes Leben in KeniaJenseits von Afrika
14%
4.513.953Schauspieler verkleidet sich als Frau, um seine Karriere voranzutreibenTootsie
13%
4.612.801Muttersöhnchen mittleren Alters unternimmt mit seiner Angebeteten heimlich eine Reise nach ItalienÖdipussi
8%
4.683.631Verrückte Frau verfolgt einen verheirateten Mann, mit dem sie einen One-Night-Stand hatteEine verhängnisvolle Affäre
5%
4.825.937Einige Durchgeknallte nehmen an einem illegalem Autorennen teilAuf dem Highway ist die Hölle los
4%
5.213.458Ein im Luxus lebender Designer freundet sich mit der hippieartig lebenden Affäre seiner Frau amMänner
1%

Verteilung der Resultate

Perzentil nach korrekt beantworteten Fragen

Anzahl Personen mit jedem Resultat

Ihre Resultats-Entwicklung

Sie haben dieses Quiz noch nicht gespielt